Environmental and human health (Record no. 10975)

MARC details
000 -LEADER
fixed length control field 01765cam a2200385Ia 4500
001 - CONTROL NUMBER
control field CRC0KE12424PDF
003 - CONTROL NUMBER IDENTIFIER
control field BD-DhSAU
005 - DATE AND TIME OF LATEST TRANSACTION
control field 20151012144259.0
006 - FIXED-LENGTH DATA ELEMENTS--ADDITIONAL MATERIAL CHARACTERISTICS
fixed length control field m|||||o||d||||||||
007 - PHYSICAL DESCRIPTION FIXED FIELD--GENERAL INFORMATION
fixed length control field cr||||
008 - FIXED-LENGTH DATA ELEMENTS--GENERAL INFORMATION
fixed length control field 110310s2010 fluabd s 001 0 eng d
020 ## - INTERNATIONAL STANDARD BOOK NUMBER
International Standard Book Number 9780203835951 (ebook : PDF)
040 ## - CATALOGING SOURCE
Original cataloging agency BD-DhSAU
Transcribing agency BD-DhSAU
043 ## - GEOGRAPHIC AREA CODE
Geographic area code d------
090 ## - LOCALLY ASSIGNED LC-TYPE CALL NUMBER (OCLC); LOCAL CALL NUMBER (OCLC)
Classification number (OCLC) (R) ; Classification number, CALL (RLIN) (NR) RA566.5.D44
Local cutter number (OCLC) ; Book number/undivided call number, CALL (RLIN) E585 2010
092 ## - LOCALLY ASSIGNED DEWEY CALL NUMBER (OCLC)
Classification number 362.1091724
Item number E614
245 00 - TITLE STATEMENT
Title Environmental and human health
Medium [electronic resource] :
Remainder of title risk management in developing countries /
Statement of responsibility, etc. editors, Eddie N. Laboy-Nieves, Mattheus F.A. Goosen, Evens Emmanuel.
260 ## - PUBLICATION, DISTRIBUTION, ETC. (IMPRINT)
Place of publication, distribution, etc. Boca Raton, Fla. :
Name of publisher, distributor, etc. CRC Press/Balkema,
Date of publication, distribution, etc. 2010.
300 ## - PHYSICAL DESCRIPTION
Extent xiv, 276 p. :
Other physical details ill., maps.
500 ## - GENERAL NOTE
General note Includes index.
505 0# - FORMATTED CONTENTS NOTE
Formatted contents note Communicating environmental risks and the decision making process -- Management of surface and groundwater resources -- Conservation of land, air, water and cultural assets -- Risk management and wastewater reuse.
530 ## - ADDITIONAL PHYSICAL FORM AVAILABLE NOTE
Additional physical form available note Also available in print edition.
538 ## - SYSTEM DETAILS NOTE
System details note Mode of access: World Wide Web.
650 #0 - SUBJECT ADDED ENTRY--TOPICAL TERM
Topical term or geographic name as entry element Environmental health
Geographic subdivision Developing countries.
650 #0 - SUBJECT ADDED ENTRY--TOPICAL TERM
Topical term or geographic name as entry element Health risk assessment
Geographic subdivision Developing countries.
650 #0 - SUBJECT ADDED ENTRY--TOPICAL TERM
Topical term or geographic name as entry element Environmental management
General subdivision Health aspects
Geographic subdivision Developing countries.
650 #0 - SUBJECT ADDED ENTRY--TOPICAL TERM
Topical term or geographic name as entry element Sustainable development
General subdivision Health aspects
Geographic subdivision Developing countries.
650 #0 - SUBJECT ADDED ENTRY--TOPICAL TERM
Topical term or geographic name as entry element Economic development
General subdivision Health aspects
Geographic subdivision Developing countries.
655 #7 - INDEX TERM--GENRE/FORM
Genre/form data or focus term Electronic books.
Source of term lcsh
700 1# - ADDED ENTRY--PERSONAL NAME
Personal name Laboy, Eddie Nelson.
700 1# - ADDED ENTRY--PERSONAL NAME
Personal name Emmanuel, Evens.
700 1# - ADDED ENTRY--PERSONAL NAME
Personal name Goosen, Mattheus F. A.
776 1# - ADDITIONAL PHYSICAL FORM ENTRY
International Standard Book Number 9780415601627
856 40 - ELECTRONIC LOCATION AND ACCESS
Uniform Resource Identifier <a href="http://marc.crcnetbase.com/isbn/9780203835951">http://marc.crcnetbase.com/isbn/9780203835951</a>
Electronic format type application/PDF

No items available.